000 00978nam a2200241 a 4500
001 79110
003 BD-RjUL
005 20220103131018.0
008 220103s2017 bg ||||| |||| 00| 0 ben d
020 _a9789840419395
_c: Tk.400.00
035 _a(BD-RjUL)79110
040 _aBD-RjUL
_beng
_cBD-RjUL
041 _aben
082 _223
_a954.9205092
_bCHE 2017
100 _aচৌধুরী, আবদুল গাফফার
_9468
245 _aইতিহাসের রক্তপলাশ পনেরোই আগস্ট পঁচাত্তর /
_cআবদুল গাফফার চৌধুরী
250 _aআগামী সং.
260 _aঢাকা :
_bআগামী প্রকাশনী,
_c২০১৭
300 _a২১৫ পৃ.;
_c২২ সেমি.
600 _aমুজিবুর রহমান,
_c শেখ,
_d১৯২০-১৯৭৫
_9166
600 _aMujibur Rahman,
_cSheikh,
_d1920-1975
942 _2ddc
_cBK
999 _c79110
_d79110